000 004570000a22001810004500
003 LK-CoMWRAF
008 230817t ||||| |||| 00| 0 eng d
040 _aLK-CoMWRAF
_dLK-CoMWRAF
_eLK-CoMWRAF
041 _aeng
082 _a150
_bKAM
100 _aKamalutheen, V
245 _aSuvarkathin thalaivi Fathima raliyallahu anhu
_b
250 _a3rd.ed
260 _aMadras
_bAnas book center
_c1997
300 _ap.88
650 _aLiterature
942 _cBK
999 _c2787
_d2787